| 000 | 00892nam a2200229 a 4500 | ||
|---|---|---|---|
| 001 | 000014819 | ||
| 005 | 20200929163915.0 | ||
| 008 | 100122s1973 sp e|| 000 | spa d | ||
| 040 |
_aDO-SdBNP _bspa |
||
| 082 |
_a401 _bS296e |
||
| 100 | 1 |
_aSchaff, Adam _933541 |
|
| 240 | 1 | 0 |
_aEssays über die philosophie der sprache _1Español |
| 245 | 1 | 0 |
_aEnsayos sobre filosofía del lenguaje / _cAdam Schaff ; epílogo de Jacobo Muñoz ; traducción castellana de Feliu Formosa. |
| 260 |
_aEsplugues de Lobregat, Barcelona : _bAriel, _c1973. |
||
| 300 |
_a247 p. ; _c18 cm. |
||
| 490 | 0 |
_aAriel quincenal _v78 |
|
| 534 |
_pTítulo original: _tEssays über die philosophie der sprach |
||
| 650 | 1 | 4 |
_aFilosofía del lenguaje _vENSAYOS, CONFERENCIAS, ETC. _933568 |
| 650 | 4 |
_aLingüística _vENSAYOS, CONFERENCIAS, ETC. _933569 |
|
| 700 | 1 |
_aMuñoz, Jacobo _933570 |
|
| 700 | 1 |
_aFormosa, Feliu _etr. _933571 |
|
| 999 |
_c14400 _d14400 |
||